| 000 | 01225nam a2200337 c 4500 | ||
|---|---|---|---|
| 003 | BLK | ||
| 005 | 20180422103759.0 | ||
| 008 | 180408b bul|||||r ||||||| ||bul|| | ||
| 010 | _aKNG00083510000 | ||
| 020 |
_a978-954-585-885-7 _bиздат.: Бард |
||
| 040 | _aBLK | ||
| 041 |
_aBUL _cBUL |
||
| 080 |
_aАмериканска литература (на САЩ) _b821.111(73) _x-312.9 _z821.111(73)-312.9 |
||
| 100 | 1 |
_aКол, Алън _eпърви автор _9249847 |
|
| 700 | 1 |
_aБънч, Крис _eсъавт. _944385 |
|
| 700 | 1 |
_aВасилев, Петър _eпрев. _9366762 |
|
| 139 |
_aКол, Алън и др. _bК 77 |
||
| 245 | 1 | 0 |
_aВихър _bРоман _cАлън Кол; съавт. Крис Бънч; прев. Петър Василев. |
| 257 | _aUSA | ||
| 260 |
_аСофия _bБард _c2008 |
||
| 300 |
_a480 с. _c20 см |
||
| 380 | _aX | ||
| 490 | 1 |
_aИзбрана световна фантастика _v146 |
|
| 490 | 1 |
_3Подсерия _aСтен |
|
| 500 | _aОриг. загл. Vortex / Allan Cole and Chris Bunch. - Офс. изд. | ||
| 852 | _aЦб 239859 | ||
| 856 | 4 |
_qpdf _u |
|
| 856 | 4 |
_qpdf _u |
|
| 942 |
_cKNG _n0 |
||
| 944 |
_aCR _c24.04.2008 _kГеновева_Генчева |
||
| 944 |
_aED _c07.11.2008 _k |
||
| 999 |
_c79038 _d79038 |
||